Les plus célèbres basiliques de France - Statistiques

Statistiques générales
  • Ce quiz a été pris 60 fois
  • Le résultat moyen est 17 sur 40
Statistiques - réponses
Par images Hint Réponse % Correct
13 Notre-Dame-de-la-Garde à {Marseille}
91%
69 Notre-Dame-de-Fourvière à {Lyon}
81%
75 Sacré-Coeur de M. à {Paris}
81%
14 Sainte-Thérèse de {Lisieux}
79%
28 Notre-Dame de {Chartres}
68%
06 Sainte-Réparate à {Nice}
68%
59 Notre-Dame-de-la-Treille à {Lille}
66%
65 Immaculée-Conception à {Lourdes}
62%
93 Royale de {Saint-Denis}
62%
31 Notre-Dame-de-la-Taurade de {Toulouse}
57%
43 Notre-Dame-de-l'Annonciation au {Puy}
55%
29 Saint-Corentin de {Quimper}
55%
30 Notre-Dame et Saint-Castor de {Nîmes}
53%
34 Saint-Pierre de {Montpellier}
53%
10 Saint-Urbain de {Troyes}
47%
21 Notre-Dame à {Beaune}
40%
46 Notre-Dame à {Rocamadour}
40%
51 Saint-Clotilde de {Reims}
40%
44 Saint-Donatien et Saint-Rogatien à {Nantes}
40%
63 Notre-Dame-du-Port à {Clermont-Ferrand}
38%
89 Sainte-Marie-Madeleine de {Vézelay}
38%
25 Saint-Ferjeux à {Besançon}
38%
86 Saint-Hilaire-le-Grand de {Poitiers}
38%
38 Sacré-Coeur à {Grenoble}
36%
26 Saint-Apollinaire à {Valence}
36%
56 Saint-Pierre de {Vannes}
36%
33 Saint-Seurin de {Bordeaux}
36%
71 Saint-Lazare d'{Autun}
34%
22 Saint-Tugdual de {Tréguier}
32%
22 Notre-Dame d'Espérance à { Saint-Brieuc}
30%
62 Notre-Dame-de-l'Immaculée-Conception de {Boulogne-sur-Mer}
28%
59 Notre-Dame-de-Grâce de {Cambrai}
26%
71 Sacré-Coeur de {Paray-le-Monial}
19%
88 Sainte-Jeanne-d'Arc à {Domrémy-la-Pucelle}
19%
43 Saint-Julien de {Brioude}
17%
83 Notre-Dame-de-la-Victoire à {Saint-Raphaël}
13%
63 Notre-Dame-des-Fers à {Orcival}
13%
58 Notre-Dame-et-Sainte-Croix à {La Charité-sur-Loire}
11%
51 Saint-Remi de {Reims]
9%
83 Sainte-Marie-Madeleine à {Saint-Maximin-la-Saute-Baume}
0%
Aucun quiz correspondant
Distribution des résultats
% des personnes avec chaque résultat
Percentile par nombre de réponses
Votre historique - résultats
Vous n’avez pas pris ce quiz